Karel Janoušek : jediný československý maršál /
Uloženo v:
| Hlavní autor: | |
|---|---|
| Médium: | Kniha |
| Jazyk: | Czech |
| Vydáno: |
V Brně :
Jota,
2016
|
| Vydání: | Vydání druhé |
| Témata: | |
| Celkem bylo vypůjčeno: | 8x |
| Tagy: |
Žádné tagy |
| LEADER | 02457nam a2200601 i 4500 | ||
|---|---|---|---|
| 001 | 88136 | ||
| 003 | CZ PrNK | ||
| 005 | 20240330065151.0 | ||
| 007 | ta | ||
| 008 | 161020s2016 xr acfhe 000 0bcze | ||
| 015 | |a cnb002842067 | ||
| 999 | |c 88136 |d 88136 | ||
| 020 | |a 9788075650863 |q (vázáno) | ||
| 040 | |a BOA001 |b cze |e rda | ||
| 072 | 7 | |a 355/359 |x Vojenství. Obrana země. Ozbrojené síly |2 Konspekt |9 15 | |
| 072 | 7 | |a 929 |x Biografie |2 Konspekt |9 8 | |
| 080 | |a 355.083 |2 MRF | ||
| 080 | |a 355.081 |2 MRF | ||
| 080 | |a 929 |2 MRF | ||
| 080 | |a 355.48(100)"1939/1945" |2 MRF | ||
| 080 | |a 323.25/.26:329.18 |2 MRF | ||
| 080 | |a 323.28 |2 MRF | ||
| 080 | |a (437) |2 MRF | ||
| 080 | |a (092) |2 MRF | ||
| 100 | 1 | |a Rajlich, Jiří, |d 1964- |7 jn19990218090 |4 aut |9 52175 | |
| 245 | 1 | 0 | |a Karel Janoušek : |b jediný československý maršál / |c Jiří Rajlich |
| 250 | |a Vydání druhé | ||
| 264 | 1 | |a V Brně : |b Jota, |c 2016 | |
| 300 | |a 302 stran, 144 nečíslovaných stran obrazových příloh : |b ilustrace, portréty, faksimile ; |c 22 cm | ||
| 336 | |a text |b txt |2 rdacontent | ||
| 336 | |a statický obraz |b sti |2 rdacontent | ||
| 337 | |a bez média |b n |2 rdamedia | ||
| 338 | |a svazek |b nc |2 rdacarrier | ||
| 504 | |a Obsahuje bibliografii a bibliografické odkazy | ||
| 600 | 1 | 4 | |a Janoušek, Karel, |d 1893-1971 |7 jk01051073 |2 czenas |9 18059 |
| 648 | 7 | |a 1939-1945 |7 ch460653 |2 czenas |9 52982 | |
| 648 | 7 | |a 1945-1968 |7 ch460656 |2 czenas |9 52985 | |
| 648 | 4 | |a 1893-1971 | |
| 650 | 0 | 7 | |a generálové |7 ph120479 |z Československo |2 czenas |
| 650 | 0 | 7 | |a maršálové |7 ph122651 |z Československo |2 czenas |
| 650 | 0 | 7 | |a druhá světová válka (1939-1945) |7 ph117270 |z Československo |2 czenas |
| 650 | 0 | 7 | |a protifašistický odboj |7 ph115901 |z Československo |y 1939-1945 |2 czenas |
| 650 | 0 | 7 | |a politická perzekuce |7 ph124236 |z Československo |y 1948-1968 |2 czenas |
| 650 | 0 | 9 | |a generals |z Czechoslovakia |2 eczenas |
| 650 | 0 | 9 | |a marshals |z Czechoslovakia |2 eczenas |
| 650 | 0 | 9 | |a World War (1939-1945) |z Czechoslovakia |2 eczenas |
| 650 | 0 | 9 | |a anti-fascist movements |z Czechoslovakia |y 1939-1945 |2 eczenas |
| 650 | 0 | 9 | |a political persecution |z Czechoslovakia |y 1948-1968 |2 eczenas |
| 655 | 7 | |a biografie |7 fd131909 |2 czenas |9 53508 | |
| 655 | 9 | |a biography |2 eczenas | |
| 910 | |a UOG502 | ||
| 942 | |2 ddc |c KN | ||
| 993 | |0 0 |1 421180088688 |2 ddc |4 0 |6 355_359000000000000 |7 0 |9 73943 |b 0 |c 88688 |d 2018-04-18 |e 8 |f DOSP |g 355/359 |h 378.00 |i Koupě |l DOSP |m 3 |r 2024-01-12 |s 2023-12-01 |t 5 |w 2018-04-18 |y KN |z NAUCNA | ||